Dates d'Histoire africaine - Statistiques

Statistiques générales
  • Ce quiz a été pris 69 fois
    41 depuis la dernière actualisation
  • Le résultat moyen est 11 sur 49
Statistiques - réponses
Hint Réponse % Correct
Siècle de l'arrivée de l'islam en Afrique du Nord puis Subsaharienne (en chiffre) 8
94%
Siècle d'apparition du Royaume du Bénin (en chiffre) 13
39%
Siècles d'apogée du Royaume du Bénin (en chiffre) 15 - 16
39%
Siècle de l'affirmation de la puissance de la cité de Kilwa sur la côte swahilie (en chiffre) 12
33%
Siècle de la domination de la cité de Kilwa sur la côte swahilie (en chiffre) 13
33%
Siècles d'existence du Royaume du Grand Zimbabwe (en chiffre) 14 - 16
33%
Siècle de la remontée du commerce swahili, sous l'impulsion de Zanzibar (en chiffre) 19
33%
Siècle de fabrication des 800 perles retrouvées en Tanzanie, similaires à celles retrouvées en Egypte (en chiffre, siècles avant Jésus Christ) 1
28%
Siècle de la première dynastie du royaume d'Ethiopie, les Zagwés, qui est en pleine émergence pendant cette période (en chiffre) 11 - 13
28%
Année de la victoire de Soundjata Keita à Kirina, chute du Royaume du Ghâna et début de la domination du Royaume du Mali 1235
28%
Siècle considéré comme celui de la fin du processus d'islamisation de la côte swahilie (en chiffre) 13
28%
Siècle de création du Royaume du Kongo (en chiffre) 14
28%
Année du dépassement du Cap Boujdour par les portugais 1434
28%
Année du voyage de Vasco da Gama à Calicut, en passant par les côtes swahilies 1497
28%
Siècle de la peinture chinoise qui illustre de deux marchands swahilis qui viennent offrir un lion à la cour des Ming (en chiffre) 15
28%
Siècle de datation de pièces de Kilwa retrouvées en Australie (en chiffre) 15
28%
Siècle du règne de Zara Yaeqob, roi éthiopien qui décide de centraliser l'autorité royale (en chiffre) 15
28%
Siècle de la fin du commerce issu des côtes swahilies (en chiffre) 16
28%
Siècle durant lequel les différents sultans d'Oman se constituent une puissante flotte telle qu'ils prennent peu à peu le contrôle de la côte swahilie (en chiffre) 17
28%
Siècle de datation des perles en cornaline d'origine indienne retrouvées en Tanzanie (en chiffre, siècles avant Jésus Christ) 7
28%
Siècle de l'émergence de la culture swahilie (en chiffre) 8
28%
Siècle du récit de Du Huan, un responsable de l'armée chinoise, qui a été fait prisonnier lors de la bataille de Talas et qui raconte le monde musulman 8
28%
Année du début du règne de Mansa Moussa 1312
22%
Année du passage de Mansa Moussa au Caire lors de son pèlerinage, où il jetait de l'or dans les rues, à un tel point que le cours de l'or a chuté au Caire 1324
22%
Année de la fin du règne de Mansa Moussa 1337
22%
Année du premier des sept voyages de Zheng He entre l'Asie et l'Afrique du l'Est 1405
22%
Année du denier des sept voyages de Zheng He entre l'Asie et l'Afrique du l'Est 1433
22%
Année de la prise de Tombouctou par les Touarègues, début de la fin du Royaume du Mali 1433
22%
Décennie du début du commerce entre le Portugal et le Royaume du Bénin (première année de la décennie) 1480
22%
Année où Bartolomeu Dias dépasse le Cap de Bonne Espérance 1487
22%
Décennie des premières exportations directes d’esclaves d’Angola-Kongo dans leurs installations du Brésil (première année de la décennie) 1520
22%
Année de la fin de la dynastie des Askiya et de la prise de Tombouctou par l'armée de Marakech 1591
22%
Année du sac de Benin City par les armées britanniques, chute du Royaume du Bénin 1897
22%
Année d'édition de l'Atlas Catalan 1375
17%
Année du début du règne de Sonni Ali Ber 1464
17%
Année de l'arrivée des portugais à Mbanza Kongo et conversion du roi Nzinga Nkuwu en João Ier 1491
17%
Année de la fin du règne de Sonni Ali Ber et du début de la dynastie des Askiya 1492
17%
Année de l'attaque de Kilwa par les portugais, après plusieurs années de contact 1505
17%
Année du début du règne d'Afonso Ier 1506
17%
Année de la défaite du Kongo face au Portugal à Mbiwla 1665
17%
Année du début des tensions entre Kongo et Portugal à cause des exigences accrues des portugais 1512
11%
Années de la fin du règne d'Afonso Ier 1541 - 43
11%
Année du convertissement au christianisme du roi de Makouria (capitale : Dangola) 569
11%
Année de la première mosquée en bois sur la côte est africaine, premier signe du processus d'islamisation de la côte swahilie 780
11%
Année du convertissement au christianisme du roi d'Alodia (capitale : Soba) 580
6%
Année du siège de Dangola par un expédition arabo musulmane, qui entraîne un traité de paix où les chrétiens sont mis sous tutelle des musulmans 652
6%
Année de la grande défaite dans la conquête menée Ahmad Ibrahim al-Ghazi pour faire briller l'islam en Ethiopie après s'être fait traité de "gaucher" par ses opposants 1529
0%
Année de l'abandon de Mombasa par les portugais en faveur des omanais 1729
0%
Année du convertissement au christianisme du roi de Nobadia (capitale : Pharas) 543
0%
Aucun quiz correspondant
Distribution des résultats
% des personnes avec chaque résultat
Percentile par nombre de réponses
Votre historique - résultats
Vous n’avez pas pris ce quiz depuis la dernière actualisation